| 000 | 00942cam a2200265 a 4500 | ||
|---|---|---|---|
| 001 | 000006643 | ||
| 003 | DO-SdBNP | ||
| 005 | 20221128115834.0 | ||
| 008 | 861104s1983 ve b f001 0 spa | ||
| 040 |
_aDO-SdBNP _bspa _cBNPHU |
||
| 082 |
_a923.587 _bB425b, 1983 |
||
| 100 | 1 |
_aBelaunde, Victor Andres, _d1883- _918452 |
|
| 245 | 1 | 0 |
_aBolivar y el pensamiento político de la revolución hispanoaméricana / _cVictor Andres Belaunde. |
| 250 | _a2a ed. | ||
| 260 |
_aCaracas : _bPresidencia de la República, _c1983. |
||
| 300 |
_aix, 366 p. ; _c23 cm. |
||
| 490 | 1 | _a"Bicentenario bolivariano" | |
| 490 | 1 |
_a"Grandes biografías" ; _vno. 147 |
|
| 500 | _aIncludes índice. | ||
| 504 | _aBibliografía: p. 337-352. | ||
| 600 | 1 | 4 |
_aBOLIVAR, SIMÓN _d1783-1830. _xBIOGRAFÍA _918453 |
| 650 | 4 |
_aRevoluciones _zAmérica Latina _918454 |
|
| 651 | 4 |
_aAmérica Latina _xHistoria _yGUERRAS DE INDEPENDENCIA, 1806-1830 _918455 |
|
| 942 |
_2ddc _cLBS1 |
||
| 999 |
_c6433 _d6433 |
||